000
00246nam a22001097a 4500
082
_a
808.3 KEE'M
100
_a
KEENE, CARELYN
_9
57825
245
_a
THE MYSTERY OF THE SKI JUMP
260
_a
NEWYORK
_b
CROSSED
_c
1952
300
_a
212P
942
_c
BK
999
_c
568076
_d
568076